Responses for show #8361 - Monday, March 22, 2021

First game with Dr. Mehmet Oz as guest host.
Champion's winnings & consolation amounts matched to HealthCorps.

Contestants

[<< previous game]

David Eadington, an operations manager from Long Beach, California

Kathryn Peters, a research center executive director from Carrboro, North Carolina

Nick Cascone, an orthopedic physician assistant originally from Queens, New York (whose 1-day cash winnings total $26,801)

[next game >>]

Jeopardy! Round responses

BOOTS ON THE GROUND
WORDS IN BOOKS
ANIMALS
SLEEPY TIME
EGG
MacGUFFIN
(Mehmet: MacGuffin is the object that's being pursued to move the plot of the movie along.)
    $200 30
combat boots

Triple Stumper
    $200 3
feminist

Kathryn
    $200 27
(Kathryn: What are mosquitoes?)

vampire bats

KathrynDavid
    $200 29
nap

David
    $200 16
Humpty Dumpty

David
    $200 8
(Kathryn: What is American Treasure?)

National Treasure

NickKathryn
    $400 25
engineer boots

Kathryn
    $400 4
workaholic

Kathryn
    $400 26
jellyfish

Nick
    $400 28
siesta

Kathryn
    $400 17
the goose that laid the golden egg

Kathryn
    $400 10
the Maltese Falcon

Nick
    $600 24
duck boots

Kathryn
    $600 5
Dorothy Parker

Kathryn
    $600 22
(David: What is camouflage?)

mimicry

David
Triple Stumper
    $600 23
snooze

David
    $600 18
individual retirement account

Nick
    $600 14
Private Ryan

Nick
    $800 21
thigh highs

Kathryn
    $800 6
(Nick: Who is Nietzsche?)
(David: Who is Brecht?)

George Bernard Shaw

NickDavid
Triple Stumper
    $800 2
(David: What is cottontail?)

white tail

KathrynDavid
    $800 13
Sandman

David
    $800 20
Ovaltine

Nick
    $800 15
Dead Man's Chest

David
    $1000 11
an UGG

Triple Stumper
    $1000 7
(Kathryn: What is adolescent?)

tween

Kathryn
Triple Stumper
    $1000 1
a honey badger

Nick
    $1,000 12
(Nick: What is a nap?)

40 winks

Nick
    $1000 19
a Tamagotchi

Nick
    $1000 9
a bicycle

David

Scores at the first commercial break (after clue 15):

Nick Kathryn David
$400 $800 $1,000

Scores at the end of the Jeopardy! Round:

Nick Kathryn David
$3,200 $3,200 $1,600

Double Jeopardy! Round responses

20th CENTURY ART & ARTISTS
INITIALLY YOURS
HISTORY
R&B & SOUL HITS
FROM A TO Y
BAY WATCH
    $400 30
(David: Who is Basquiat?)

Andy Warhol

David
Triple Stumper
    $400 9
(P.T.) Barnum

Nick
    $400 25
Mata Hari

Nick
    $400 29
Maybellene

Nick
    $400 24
awry

Nick
    $400 28
the Galapagos

David
    $800 4
Chicago

Kathryn
    $800 12
B.B. King

David
    $800 16
(Nick: What is Holy Roman Empire?)
(Mehmet: Yes.)
(Nick: Emperor, excuse me.)

Holy Roman Emperor

Nick
    $800 27
(Mehmet: As I said it, you knew it.)

Kool & The Gang

Triple Stumper
    $800 23
an apiary

Nick
    $800 26
Guantanamo Bay

David
    $1200 3
Beck Hansen

Triple Stumper
    $1200 10
(W.C.) Fields

Nick
    $2,000 6
Gutenberg

Kathryn
    $1200 22
Chaka Khan

Triple Stumper
    $1200 1
anarchy

David
    $1200 21
Tampa Bay

Triple Stumper
    $1600 5
M.C. Escher

Triple Stumper
    $1600 11
(I.M.) Pei

David
    $1600 7
(Nick: Who is Caesar?)

Spartacus

NickKathryn
    $1600 17
(Marvin) Gaye

Kathryn
    $1600 2
aromatherapy

Kathryn
    $4,000 20
the Ionian Sea

Nick
    $2000 18
Hopper

Nick
    $2000 13
(S.E.) Hinton

Kathryn
    $2000 8
(Nick: Who is Gandhi?)

Nehru

NickKathryn
    $2000 15
(Nick: Who is... Fats Domino?)

Sam Cooke

NickKathryn
    $2000 14
to assay

Nick
    $2000 19
the Bay of Fundy

Triple Stumper

Scores at the end of the Double Jeopardy! Round:

Nick Kathryn David
$10,000 $16,800 $6,000

[wagering suggestions for these scores]

Final Jeopardy! Round responses

SHAKESPEAREAN REFERENCES
(Mehmet: What is crull?)
(David: I didn't finish writing it.)
...
(Nick: O for a muse of fire.)
...
(Mehmet: The Richard III play, and in fact, it was the largest labor strike in the U.K. in over 50 years.)
DavidWhat is crull
$4,001
NickWhat was O for a muse of f
$9,000
KathrynWhat is the winter of our discontent?
$3,201
the Winter of (our) Discontent

Final scores:

Nick Kathryn David
$1,000 $20,001 $1,999
3rd place: $1,000 New champion: $20,001 2nd place: $2,000

Game dynamics:

Coryat scores:

Nick Kathryn David
$8,600 $16,000 $6,000
18 R
(including 1 DD),
5 W
(including 1 DD)
17 R
(including 1 DD),
3 W
12 R,
4 W

Combined Coryat: $30,600

The J! Archive is created by fans, for fans. The Jeopardy! game show and all elements thereof, including but not limited to copyright and trademark thereto, are the property of Jeopardy Productions, Inc. and are protected under law. This website is not affiliated with, sponsored by, or operated by Jeopardy Productions, Inc. Join the discussion at JBoard.tv.